Propuesta de alternativa de mejoras en el taller de servicios de Nicaragua Machinery Company para alcanzar el nivel de cinco estrellas en control de contaminación Caterpillar

Presenta propuesta de alternativa de mejoras en el taller de servicios de Nicaragua Machinery Company para cumplir con todos los parámetros establecidos en la guía de control de contaminación Caterpillar para lograr la certificación de instalación de cinco estrellas en control de contaminación...

Full description

Bibliographic Details
Main Authors: Paramo Luna, José Antonio, Mora Palma, Levistone Damián
Other Authors: Tutor: Ramírez Velásquez, Wilmer José
Format: Tesis Section = Libro
Language:Undetermined
Spanish
Published: Managua UNI 2011
Subjects:
LEADER 01267nam a2200253Ia 4500
008 240830s9999 xx 000 0 und d
040 |a BIBLIOTECA-RUPAP Mon 670.425 P222 
041 |a spa 
082 |a Mon 670.425 P222 
100 1 |a Paramo Luna, José Antonio 
100 1 |b Mora Palma, Levistone Damián 
245 1 0 |a Propuesta de alternativa de mejoras en el taller de servicios de Nicaragua Machinery Company para alcanzar el nivel de cinco estrellas en control de contaminación Caterpillar 
260 |a Managua  |b UNI  |c 2011 
300 |a 83 p. :il. 
500 |a Contiene: anexos e Incluye: CD. 
502 |a Tesis (Ingeniero Mecánico)- UNI, 2011. 
520 3 |a Presenta propuesta de alternativa de mejoras en el taller de servicios de Nicaragua Machinery Company para cumplir con todos los parámetros establecidos en la guía de control de contaminación Caterpillar para lograr la certificación de instalación de cinco estrellas en control de contaminación Caterpillar. 
650 7 |a TECNOLOGIA DE INSPECCION - TALLERES MECANICOS 
650 7 |b TALLERES MECANICOS - CONTROL AMBIENTAL 
650 7 |c CONTAMINACION - CONTROL INDUSTRIAL. 
700 1 |a Tutor:  |b Ramírez Velásquez, Wilmer José 
942 |c BK  |2 ddc 
991 |a TESIS 
999 |c 17793